000 00446 a2200169 4500
001 187891
020 _a978-85-7208-536-6
040 _cMagnum
100 _aOliveira, Pedro Antônio de
240 1 0 _aUma história, uma lorota... e fiquei de boca torta!
_lpor
245 1 0 _aUma história, uma lorota... e fiquei de boca torta!
300 _a37
362 0 _a2008
440 1 _aFormato
697 _aLITERATURA INFANTO-JUVENIL
942 _cBK
999 _c187891
_d187891